000
00198 a2200097 4500
001
18399
100
_a
Margoles, A
245
_a
101 T.V troubles
260
_a
_b
Tab books
_c
090
_c
13659
_d
13659
942
_a
NUST-CAE
_c
M
_c
4068
999
_c
253472
_d
253472